000 01450cam a2200337 a 4500
001 15960597
003 NUST-PNEC
005 20170116180704.0
008 091026s2010 nyua b 001 0 eng
010 _a 2009042875
020 _a9780195387759
020 _a0195387759
035 _a(OCoLC)ocn437300027
040 _aDLC
_cPNEC
_dBTCTA
050 0 0 _aQC760
_b.S23 2010
082 0 0 _a537 SAD
_222
100 1 _aSadiku, Matthew N. O.
245 1 0 _aElements of electromagnetics /
_cMatthew N.O. Sadiku.
250 _a5th ed.
260 _aNew York :
_bOxford University Press,
_c2010.
300 _axvi, 845 p. :
_bill ;
_c25 cm.
500 _aIncludes Index http://www.amazon.com/Elements-Electromagnetics-Matthew-N-O-Sadiku/dp/0195387759/ref=sr_1_1?s=books&ie=UTF8&qid=1410939071&sr=1-1&keywords=9780195387759
504 _aIncludes bibliographical references and index.
650 0 _aElectromagnetism.
_xEL
856 4 2 _3Contributor biographical information
_uhttp://www.loc.gov/catdir/enhancements/fy1010/2009042875-b.html
856 4 2 _3Publisher description
_uhttp://www.loc.gov/catdir/enhancements/fy1010/2009042875-d.html
856 4 1 _3Table of contents only
_uhttp://www.loc.gov/catdir/enhancements/fy1010/2009042875-t.html
906 _a7
_bcbc
_corignew
_d1
_eecip
_f20
_gy-gencatlg
942 _2ddc
_cBK
999 _c60665
_d60665